000 00585nam a2200193Ia 4500
008 210417s9999 xx 000 0 und d
020 _a9781680947847
020 _b1680947842
082 _a659.2068 MRA
082 _b22.659.2068 MRA
245 0 _a"Theory, Practice and Techniques in Public Relations"
245 0 _cTheory Practice and Techniques in Public Relations
250 _b"ix, 228 p.:ill. 25 cm., pbk."
260 _aNew York
260 _b3G E - Learning
260 _c2018
700 _a"Mratinkovic, Aleksandar "
700 _bAleksandar Mratinkovic.... [et al.]
999 _c486761
_d486761